00843cam a22002171 4500001001300000003000400013005001700017008004100034010001700075035001800092040005800110043001200168050002500180111008700205245014700292260004900439300003100488650004600519650004300565999001700608l 40000092 DLC20260227111537.0721110s1940 dcua f100 0 eng c al 40000092  a(OCoLC)491914 aU.S. Dept. of Labor. LibrarycOClUdOCoLCdNNC-LdDLC an-us---00aHV741b.W67 1939/40a2 aWhite House Conference on Children in a Democracyd(1939-1940 :cWashington, D.C.)10aChildren in a democracy;bgeneral reportcadopted by the White House Conference on Children in a democracy, January 19, 1940, Washington, D.C. a[Washington,bU.S. Govt. Print. Off.,c1940] aix, 86 p.bdiagrs.c26 cm. 0aChild welfarezUnited StatesvCongresses. 0aChild carezUnited StatesvCongresses. c36329d36329